[Event "Salou Salauris op 1st"]
[Site "Salou"]
[Date "2021.06.26"]
[Round "5"]
[White "Copping, Arthur David Willia"]
[Black "Lucas Ara, Alejandro"]
[Result "1-0"]
[WhiteElo "1745"]
[BlackElo "1888"]
[PlyCount "27"]
[EventDate "2021.06.25"]
[EventType "swiss"]
[EventRounds "7"]
[EventCountry "ESP"]
[SourceTitle "CBM 203 Extra"]
[Source "ChessBase"]
[SourceDate "2021.09.30"]
[SourceVersion "1"]
[SourceVersionDate "2021.09.30"]
[SourceQuality "1"]

1. Nc3 Nf6 2. e4 d5 3. e5 d4 4. exf6 dxc3 5. fxg7 cxd2+ 6. Bxd2 Bxg7 7. Qh5 Qd4 8. Nf3 Qxb2 9. Rd1 Qxc2 10. Ng5 Qg6 11. Qf3 h6 12. Bb5+ c6 13. Qd5 hxg5 14. Qd8+ 1-0

[Event "La Pobla de Lillet op-A 28th"]
[Site "La Pobla de Lillet"]
[Date "2018.08.01"]
[Round "1"]
[White "Renteria Becerra, Jorge Elicer"]
[Black "Lucas Ara, Alejandro"]
[Result "1-0"]
[WhiteElo "2280"]
[BlackElo "1929"]
[PlyCount "49"]
[EventDate "2018.08.01"]
[EventType "swiss"]
[EventRounds "9"]
[EventCountry "ESP"]
[SourceTitle "CBM 185 Extra"]
[Source "ChessBase"]
[SourceDate "2018.07.29"]
[SourceVersion "1"]
[SourceVersionDate "2018.07.29"]
[SourceQuality "1"]

1. e4 c5 2. Nf3 d6 3. d4 cxd4 4. Qxd4 Nc6 5. Bb5 Bd7 6. Bxc6 bxc6 7. c4 e5 8. Qd3 Nf6 9. Nc3 Be7 10. Bg5 Be6 11. Rd1 a5 12. b3 Qc7 13. Bxf6 gxf6 14. Nh4 h5 15. h3 0-0-0 16. 0-0 Qb6 17. Na4 Qa6 18. Qe3 Kc7 19. Rd3 Rdg8 20. Rfd1 Rg5 21. f4 exf4 22. Qxf4 Qa7+ 23. c5 Rxc5 24. Nxc5 Qxc5+ 25. Kh1 1-0

[Event "Llinars del Valles op-A 8th"]
[Site "Llinars del Valles"]
[Date "2014.05.31"]
[Round "5"]
[White "Lucas Ara, Alejandro"]
[Black "Martinez Perez, Pablo"]
[Result "1-0"]
[WhiteElo "1880"]
[BlackElo "1736"]
[PlyCount "33"]
[EventDate "2014.04.26"]
[EventType "swiss"]
[EventRounds "8"]
[EventCountry "ESP"]
[SourceTitle "EXT 2015"]
[Source "ChessBase"]
[SourceDate "2014.11.20"]
[SourceVersion "1"]
[SourceVersionDate "2014.11.20"]
[SourceQuality "1"]

1. e4 c5 2. Nc3 Nc6 3. g3 g6 4. Bg2 Bg7 5. d3 Nh6 6. Be3 d6 7. h3 0-0 8. Qd2 Qb6 9. Nd1 Qa5 10. c3 Ne5 11. Nf3 f5 12. Bxh6 Bxh6 13. Qxh6 Nxd3+ 14. Kd2 e5 15. Ng5 Qc7 16. Kxd3 fxe4+ 17. Bxe4 1-0

[Event "Llinars del Valles op-A 8th"]
[Site "Llinars del Valles"]
[Date "2014.05.17"]
[Round "4"]
[White "Calvo Bures, Marc"]
[Black "Lucas Ara, Alejandro"]
[Result "1-0"]
[WhiteElo "1743"]
[BlackElo "1880"]
[PlyCount "167"]
[EventDate "2014.04.26"]
[EventType "swiss"]
[EventRounds "8"]
[EventCountry "ESP"]
[SourceTitle "EXT 2015"]
[Source "ChessBase"]
[SourceDate "2014.11.20"]
[SourceVersion "1"]
[SourceVersionDate "2014.11.20"]
[SourceQuality "1"]

1. d4 Nf6 2. c4 g6 3. Nc3 Bg7 4. e4 d6 5. f4 0-0 6. Nf3 c5 7. d5 e6 8. Be2 exd5 9. cxd5 Re8 10. Nd2 a6 11. a4 Qc7 12. 0-0 Nbd7 13. Qc2 Nf8 14. Nc4 Ng4 15. Bxg4 Bxg4 16. f5 gxf5 17. h3 Bh5 18. exf5 Bd4+ 19. Kh1 f6 20. g4 Bf7 21. Qg2 Kh8 22. Bf4 Be5 23. a5 Nd7 24. Rad1 Bxf4 25. Rxf4 Ne5 26. Nb6 Rab8 27. Qf2 Qd8 28. Qh4 Kg7 29. Ne4 h6 30. Kg2 Rh8 31. Qg3 Qe7 32. h4 Kf8 33. Kf2 c4 34. Qa3 Nd3+ 35. Rxd3 cxd3 36. Qxd6 Rd8 37. Qxe7+ Kxe7 38. d6+ Rxd6 39. Nxd6 Kxd6 40. Rd4+ Kc6 41. Rxd3 Rg8 42. Kf3 Kb5 43. Rd7 Be8 44. Rh7 Kxa5 45. Nc4+ Kb4 46. Nd6 h5 47. Rxb7+ Kc5 48. Nxe8 hxg4+ 49. Kg3 Rxe8 50. Kxg4 Re4+ 51. Kh5 Rf4 52. Kg6 Rxh4 53. Kxf6 Kc6 54. Rb3 Kd7 55. Ra3 Ke8 56. Re3+ Kf8 57. Ke6 Rh2 58. b3 Rc2 59. f6 Rc6+ 60. Kf5 Rb6 61. Rf3 Kf7 62. Ke5 Rb5+ 63. Kd6 a5 64. Kc6 Rb4 65. Kc5 Kf8 66. f7 Rb7 67. Kc4 Rb4+ 68. Kc3 Rb7 69. Rf5 Ra7 70. Rf4 Rc7+ 71. Kb2 Rxf7 72. Rxf7+ Kxf7 73. Ka3 Ke7 74. Ka4 Kd6 75. Kxa5 Kc6 76. b4 Kb7 77. Kb5 Ka7 78. Kc6 Ka6 79. b5+ Ka7 80. Kc7 Ka8 81. Kb6 Kb8 82. Ka6 Ka8 83. b6 Kb8 84. b7 1-0

[Event "Llinars del Valles op-A 8th"]
[Site "Llinars del Valles"]
[Date "2014.04.26"]
[Round "1"]
[White "Lucas Ara, Alejandro"]
[Black "Porras Mateo, Felipe"]
[Result "1/2-1/2"]
[WhiteElo "1880"]
[BlackElo "2229"]
[PlyCount "100"]
[EventDate "2014.04.26"]
[EventType "swiss"]
[EventRounds "8"]
[EventCountry "ESP"]
[SourceTitle "EXT 2015"]
[Source "ChessBase"]
[SourceDate "2014.11.20"]
[SourceVersion "1"]
[SourceVersionDate "2014.11.20"]
[SourceQuality "1"]

1. e4 d6 2. Nc3 Nf6 3. g3 g6 4. Bg2 Bg7 5. d3 0-0 6. f4 c5 7. Nf3 Nc6 8. 0-0 Rb8 9. h3 b5 10. Be3 b4 11. Nd5 Nd7 12. Bc1 a5 13. Rb1 a4 14. Bd2 e6 15. Ne3 b3 16. axb3 axb3 17. c3 Ba6 18. Ne1 Qc7 19. Ra1 Ra8 20. Ra3 Nb6 21. Kh2 Rfd8 22. Ng4 h5 23. Ne3 d5 24. exd5 exd5 25. Qf3 Bb7 26. Rxa8 Bxa8 27. Nd1 d4 28. c4 f5 29. Qf2 Na4 30. Nf3 Bf6 31. h4 Nb4 32. Bxb4 cxb4 33. Qd2 Nc5 34. Re1 Kg7 35. Nf2 Bb7 36. Qe2 Ra8 37. Ne5 Re8 38. Bxb7 Qxb7 39. Qf3 Bxe5 40. Qxb7+ Nxb7 41. fxe5 Nc5 42. Kg2 Nd7 43. e6 Nc5 44. Re5 Na4 45. Rb5 Rxe6 46. Rxb4 Nxb2 47. Rxb3 Re2 48. Kf3 Rd2 49. Ra3 Nd1 50. Nxd1 Rxd1 1/2-1/2

[Event "Barcelona La Lira Spring op 3rd"]
[Site "Barcelona"]
[Date "2010.06.03"]
[Round "8.7"]
[White "Tortosa Moros, Joan"]
[Black "Lucas Ara, Alejandro"]
[Result "1-0"]
[WhiteElo "1799"]
[BlackElo "1899"]
[PlyCount "61"]
[EventDate "2010.04.15"]
[EventType "swiss"]
[EventRounds "8"]
[EventCountry "ESP"]
[SourceTitle "EXT 2024"]
[Source "ChessBase"]
[SourceDate "2023.10.10"]
[SourceVersion "1"]
[SourceVersionDate "2023.10.10"]
[SourceQuality "1"]

1. e4 c5 2. Nf3 d6 3. d4 cxd4 4. Nxd4 Nf6 5. Nc3 a6 6. Bg5 e6 7. f4 Be7 8. Qf3 Qc7 9. 0-0-0 Nbd7 10. g4 b5 11. Bxf6 Nxf6 12. g5 Nd7 13. Rg1 b4 14. Nce2 Bb7 15. f5 Nc5 16. fxe6 fxe6 17. g6 0-0-0 18. Qg4 h5 19. Qh3 Kb8 20. Nxe6 Nxe6 21. Qxe6 Rhe8 22. Qb3 Bxe4 23. Qxb4+ Ka8 24. Qxe4+ d5 25. Qa4 a5 26. Rxd5 Rxd5 27. Qxe8+ Rd8 28. Bg2+ Ka7 29. Qc6 Bg5+ 30. Kb1 Qe7 31. Nc3 1-0

[Event "Barcelona La Lira Spring op 3rd"]
[Site "Barcelona"]
[Date "2010.05.20"]
[Round "6.6"]
[White "Martinez, Juan Manuel"]
[Black "Lucas Ara, Alejandro"]
[Result "1-0"]
[WhiteElo "2031"]
[BlackElo "1899"]
[PlyCount "79"]
[EventDate "2010.04.15"]
[EventType "swiss"]
[EventRounds "8"]
[EventCountry "ESP"]
[SourceTitle "EXT 2024"]
[Source "ChessBase"]
[SourceDate "2023.10.10"]
[SourceVersion "1"]
[SourceVersionDate "2023.10.10"]
[SourceQuality "1"]

1. e4 c5 2. Nc3 Nc6 3. g3 g6 4. Bg2 Bg7 5. d3 d6 6. Be3 e6 7. Qd2 Nge7 8. Nge2 Nd4 9. 0-0 0-0 10. Nd1 Nxe2+ 11. Qxe2 Rb8 12. Qd2 Re8 13. Bh6 Bh8 14. h4 d5 15. h5 dxe4 16. hxg6 hxg6 17. Bxe4 Nf5 18. Bg5 Qd6 19. Kg2 Bd7 20. Nc3 b5 21. Rh1 Bg7 22. Bf3 Bc6 23. Ne4 Bxe4 24. Bxe4 Bxb2 25. c3 f6 26. Bxf6 Kf7 27. Qg5 Rh8 28. Rxh8 Rxh8 29. Bxh8 Bxa1 30. Qf6+ Ke8 31. Qxg6+ Kd7 32. Bxf5 exf5 33. Qxf5+ Kc6 34. Qe4+ Kb6 35. Be5 Qc6 36. Qxc6+ Kxc6 37. f4 a5 38. Kf3 b4 39. cxb4 Bxe5 40. b5+ 1-0

[Event "Barcelona La Lira Spring op 3rd"]
[Site "Barcelona"]
[Date "2010.04.15"]
[Round "1.15"]
[White "Lucas Ara, Alejandro"]
[Black "Garcia Extremera, Manuel"]
[Result "1-0"]
[WhiteElo "1899"]
[BlackElo "1464"]
[PlyCount "63"]
[EventDate "2010.04.15"]
[EventType "swiss"]
[EventRounds "8"]
[EventCountry "ESP"]
[SourceTitle "EXT 2024"]
[Source "ChessBase"]
[SourceDate "2023.10.10"]
[SourceVersion "1"]
[SourceVersionDate "2023.10.10"]
[SourceQuality "1"]

1. e4 e6 2. d4 d5 3. e5 c5 4. c3 Nc6 5. Nf3 Be7 6. Bd3 cxd4 7. cxd4 b6 8. a3 Bb7 9. Qe2 Qc7 10. 0-0 0-0-0 11. Bd2 Kb8 12. b4 Qd7 13. Bb5 Rc8 14. a4 Bd8 15. a5 Nge7 16. Nc3 Nf5 17. axb6 Bxb6 18. g4 Nfxd4 19. Nxd4 Bxd4 20. Na4 Qe7 21. Bc3 Bxc3 22. Nxc3 Nxb4 23. Qe3 Qc5 24. Qxc5 Rxc5 25. Rfb1 Nc6 26. Na4 Rc2 27. Bd3 Rd2 28. Ba6 Na5 29. Nc5 Rc8 30. Rxa5 Rc7 31. Bxb7 Rc2 32. Na6# 1-0